Adult and Continuing Education : concepts, methodologies, tools and applications / (Record no. 52495)

MARC details
000 -LEADER
fixed length control field 00711nam a22002057a 4500
003 - CONTROL NUMBER IDENTIFIER
control field OSt
008 - FIXED-LENGTH DATA ELEMENTS--GENERAL INFORMATION
fixed length control field 260630b |||||||| |||| 00| 0 eng d
020 ## - INTERNATIONAL STANDARD BOOK NUMBER
International Standard Book Number 9781466657809
082 ## - DEWEY DECIMAL CLASSIFICATION NUMBER
Classification number 374
Item number I43A
100 ## - MAIN ENTRY--PERSONAL NAME
Personal name IRMA
245 ## - TITLE STATEMENT
Title Adult and Continuing Education : concepts, methodologies, tools and applications /
Statement of responsibility, etc. by Information Resources Management Association
260 ## - PUBLICATION, DISTRIBUTION, ETC. (IMPRINT)
Place of publication, distribution, etc .- USA
Name of publisher, distributor, etc : IGI Global
Date of publication, distribution, etc , 2014
300 ## - PHYSICAL DESCRIPTION
Extent vol.- l, (xxix,520); vol.- ll, (xxix,521-1047); vol.- lll, (xxix,1048-1564); vol.-IV, (xxix,1566-2066)p.
365 ## - TRADE PRICE
Price note 4vol. Set Price- 180238.50
650 ## - SUBJECT ADDED ENTRY--TOPICAL TERM
Topical term or geographic name as entry element Social Sciences
650 ## - SUBJECT ADDED ENTRY--TOPICAL TERM
Topical term or geographic name as entry element Education
650 ## - SUBJECT ADDED ENTRY--TOPICAL TERM
Topical term or geographic name as entry element Adult Education
650 ## - SUBJECT ADDED ENTRY--TOPICAL TERM
Topical term or geographic name as entry element Continuing Education
942 ## - ADDED ENTRY ELEMENTS (KOHA)
Source of classification or shelving scheme
Koha item type Reference Books
Holdings
Withdrawn status Lost status Source of classification or shelving scheme Damaged status Not for loan Home library Current library Shelving location Date acquired Source of acquisition Cost, normal purchase price Full call number Barcode Date last seen Bill Date Koha item type Public note Bill Number
          Dr. Rajendra Prasad Central Agricultural University Pusa, Dr. Rajendra Prasad Central Agricultural University Pusa, Reference 30/06/2026 TTPP, New Delhi 45059.63 374 I43A 87655 30/06/2026 29/01/2026 Reference Books Volume- l IN-00449
          Dr. Rajendra Prasad Central Agricultural University Pusa, Dr. Rajendra Prasad Central Agricultural University Pusa, Reference 30/06/2026 TTPP, New Delhi 45059.63 374 I43A 87656 30/06/2026 29/01/2026 Reference Books Volume- ll IN-00449
          Dr. Rajendra Prasad Central Agricultural University Pusa, Dr. Rajendra Prasad Central Agricultural University Pusa, Reference 30/06/2026 TTPP, New Delhi 45059.63 374 I43A 87657 30/06/2026 29/01/2026 Reference Books Volume- lll IN-00449
          Dr. Rajendra Prasad Central Agricultural University Pusa, Dr. Rajendra Prasad Central Agricultural University Pusa, Reference 30/06/2026 TTPP, New Delhi 45059.63 374 I43A 87658 30/06/2026 29/01/2026 Reference Books Volume- lV IN-00449
Hosted, Implemented, Customized & Maintained by: BestBookBuddies

Powered by Koha